On Heroes, Hero-Worship And The Heroic In History Buller H M Edr Mcm (Record no. 5102)

MARC details
000 -LEADER
fixed length control field 00424nam a2200133Ia 4500
008 - FIXED-LENGTH DATA ELEMENTS--GENERAL INFORMATION
fixed length control field 211109s9999||||xx |||||||||||||| ||und||
082 ## - DEWEY DECIMAL CLASSIFICATION NUMBER
Classification number 823
Item number CAR-O
100 ## - MAIN ENTRY--PERSONAL NAME
Personal name Carlyle, Thomas
245 #0 - TITLE STATEMENT
Title On Heroes, Hero-Worship And The Heroic In History Buller H M Edr Mcm
260 ## - PUBLICATION, DISTRIBUTION, ETC.
Name of publisher, distributor, etc. NATIONAL BOOKSTALL
Place of publication, distribution, etc. Kottayam
Date of publication, distribution, etc. 1926
630 ## - SUBJECT ADDED ENTRY--UNIFORM TITLE
General subdivision General Stack
650 ## - SUBJECT ADDED ENTRY--TOPICAL TERM
Topical term or geographic name entry element English literature
942 ## - ADDED ENTRY ELEMENTS (KOHA)
Koha item type BOOK
650 ## - SUBJECT ADDED ENTRY--TOPICAL TERM
Form subdivision literatureEnglish Fiction
General subdivision English
Holdings
Withdrawn status Lost status Damaged status Not for loan Home library Current library Date acquired Cost, normal purchase price Total Checkouts Full call number Barcode Shelving location Date last seen Price effective from Koha item type
        SB LIBRARY SB LIBRARY 09/11/2021 50.00   823 CAR-O 00005559 GENERAL STACK 09/11/2021 09/11/2021 BOOK

Powered by Koha